000 00488nam a2200193Ia 4500
005 20240823023010.0
008 240823s9999||||xx |||||||||||||| ||und||
020 _a978-0-07-066046-5
041 _aENGLISH
082 _A005.82 P8
100 _a"Forouzan,Behrouz A"
245 0 _aCryptography and Network Security
250 _a1st
260 _c2008
_b"Tata Mcgraw Hill,New "
500 _aYES
650 _aCryptography
_bInformation Technology
942 _cBK
999 _c180502
_d180502